Elektronický podpis

Elektronický podpis. Digitálny podpis. Zákon o elektronickom podpise.

Gespeichert in:
Bibliographische Detailangaben
1. Verfasser: Kvietková, Anna
Format: Buchkapitel
Sprache:Slowakisch
Schlagworte:
Tags: Tag hinzufügen
Keine Tags, Fügen Sie das erste Tag hinzu!

MARC

LEADER 00000naa$a2200000$$$4500
001 0018794
005 20220606115542.4
041 0 |a slo 
044 |a SK 
245 1 0 |a Elektronický podpis  |c Anna Kvietková 
520 |a Elektronický podpis. Digitálny podpis. Zákon o elektronickom podpise. 
610 2 0 |a podpis elektronický 
610 2 0 |a digitalizácia 
610 2 0 |a definície 
100 1 |a Kvietková, Anna